000 00784nam a22002417a 4500
003 UA-OsUOA
001 50463
007 ta
008 20140610b un ||||| |||| 00| 0 ukr d
090 _a030
_bС48
942 _cBK
040 _aUA-OsUOA
_bukr
_cUA-OsUOA
_dUA-OsUOA
245 _aСловарь книжников и книжкости Древней Руси
_bВып. 2
_c(вторая половина XIV-XVI в.)
300 _a527 с.
955 _a1
041 _aukr
080 _a030
260 _aЛенинград
_bНаука
_c1989
246 3 1 _aЧасть 2
_nЛ-Я
650 7 _a030 Загальні довідкові праці
_2UDC
999 _c430587
_d430587